| 000 | 00625nam a22002057a 4500 | ||
|---|---|---|---|
| 999 |
_c17432 _d17432 |
||
| 003 | AR-CdUCM | ||
| 008 | 190508b ||||| |||| 00| 0 spa d | ||
| 040 |
_aMUNICIPALIDAD PROVINCIAL DEL CUSCO _cBIBLIOTECA MUNICIPAL DEL CUSCO |
||
| 082 |
_a818.46 / _bJ19 |
||
| 100 |
_aJames, Henry _91127 |
||
| 245 | _aOtra vuelta de tuerca / | ||
| 260 |
_aBuenos Aires : _bSchapire, _c1965. |
||
| 300 |
_a156 páginas ; _c18 cm. |
||
| 505 | _aContenido: Novela | ||
| 650 |
_aNovelas estadounidenses _9734 |
||
| 650 |
_aSiglo XIX _9971 |
||
| 700 |
_aBixio, Roberto (traductor) _937448 |
||
| 942 |
_2ddc _cLIBROS |
||
| 945 |
_aacv _d2019-05-08 |
||